Joyce Wieland : A life in Art

Salvato in:
Dettagli Bibliografici
Autore principale: Joyce Wieland
Natura: Libro
Lingua:Undetermined
Pubblicazione: Canada ECW Press 2001
Soggetti:
Tags: Aggiungi Tag
Nessun Tag, puoi essere il primo ad aggiungerne! !
Thư viện lưu trữ: Trung tâm Học liệu Trường Đại học Cần Thơ
LEADER 00444nam a2200169Ia 4500
001 CTU_56138
008 210402s9999 xx 000 0 und d
082 |a 709.2 
082 |b N948 
100 |a Joyce Wieland 
245 0 |a Joyce Wieland : A life in Art 
245 0 |c Joyce Wieland 
260 |a Canada 
260 |b ECW Press 
260 |c 2001 
650 |a Artists biography Canada 
980 |a Trung tâm Học liệu Trường Đại học Cần Thơ